Biblioteca Técnica: prevención de Riesgos Laborales (Registro nro. 10970)

Detalles MARC
000 -Cabecera
Campo de control de longitud fija 01039aam a2200289 4500
005 - Fecha y hora de la última transacción
Campo de control 20250929085607.0
008 - Elementos de longitud fija--Información general
Campo de control de longitud fija 150303b2000 xxu||||| |||| 00| 0 spa d
020 ## - International Standard Book Number
Número Internacional Estándar del Libro (ISBN) 8432953504
041 ## - Idioma
Código de idioma Español
082 ## - Clasificación Decimal Dewey
Número de clasificación 613.62 B582c
100 ## - Entrada principal--Autor personal
Nombre personal Biblioteca Técnica Prevención de Riesgos Laborales
9 (RLIN) 48945
245 ## - Título propiamente dicho
Título Biblioteca Técnica: prevención de Riesgos Laborales
260 ## - Pie de imprenta
Lugar de publicación, distribución, etc. España
260 ## - Pie de imprenta
Nombre del editor, distribuidor, etc. CEAC
260 ## - Pie de imprenta
Fecha de publicación, distribución, etc. 2000
300 ## - Descripción física
Extensión Tomo I: 413 páginas
-- Tomo II: 277 páginas
-- Tomo III: 295 páginas
-- Tomo IV: 314 páginas
490 ## - Serie
Título de la Serie Dirección de Educación Comunitaria y Asistencia Técnica
490 ## - Serie
Título de la Serie Temática General
505 ## - Nota de contenido
Nota de contenido Tomo I: Gestión de la prevención.<br/>
505 ## - Nota de contenido
Nota de contenido Tomo II: Evaluación y prevención de riesgos. <br/>. <br/>
505 ## - Nota de contenido
Nota de contenido Tomo III: Técnicas afines a la prevención. <br/><br/>. <br/>
505 ## - Nota de contenido
Nota de contenido Tomo IV: Cuestionario de evaluación de riesgos<br/><br/>. <br/>
650 ## - Materia general
Temática (materia general) SALUD OCUPACIONAL
650 ## - Materia general
Temática (materia general) RIESGOS LABORALES
650 ## - Materia general
Temática (materia general) MEDIDAS DE PROTECCIÓN
942 ## - Punto de acceso adicional KOHA
Tipo de ítem KOHA Libro
Fuente del sistema de clasificación o colocación Dewey Decimal Classification
Existencias
Signatura completa Código de barras Programa Académico Tipo de ítem
613.62 B582c 6992   Libro
613.62 B582c 6994   Libro
613.62 B582c 6995   Libro
613.62 B582c 6993   Libro